Statistics for Countries Bordering Bulgaria - Map Quiz

Click here to take the quiz!

General Stats

  • This quiz has been taken 292 times
  • The average score is 5 of 5

Answers on the Map

Answers color-coded by a green-red scale on the quiz's map according to % correct below.
Loading ...
 

Answer Stats

Answer% Correct
Turkey
97%
Romania
96%
Macedonia
94%
Greece
94%
Serbia
89%

Score Distribution

Percentile by Number Answered

Percent of People with Each Score

Your Score History

You have not taken this quiz